Silicon controlled rectifier manual: including the triac and the industry's broadest line of thyristor and rectifier components

Збережено в:
Бібліографічні деталі
Співавтор: General Electric Company (Автор)
Формат: Книга
Мова:Англійська
Опубліковано: Schenectady General Electric 1967
Редагування:4a. ed
Предмети:
Теги: Додати тег
Немає тегів, Будьте першим, хто поставить тег для цього запису!

MARC

LEADER 00000nam a2200000 a 4500
001 UCV4447
003 CL-VaPUC
008 930118e19670000US |||||||||||||||||eng|d
082 0 4 |a 621.313  |b GEN  |2 21 
110 2 |a General Electric Company  |e author  |9 298701 
245 1 0 |a Silicon controlled rectifier manual: including the triac and the industry's broadest line of thyristor and rectifier components 
250 |a 4a. ed 
300 |a 513 p 
942 |c BK 
945 |d 19930118 00:00:00 
260 |a Schenectady  |b General Electric  |c 1967 
650 7 |a RECTIFICADORES DE SILICION CONTROLADO  |2 CL-VaPUC  |9 260675 
650 7 |a TIRISTORES  |2 CL-VaPUC  |9 298702 
583 |a last modification  |c 20120515 12:15:35  |k Rodrigo Vera 
999 |c 211270  |d 211268 
952 |0 0  |1 0  |4 0  |6 621_313000000000000_GEN_1967  |7 0  |8 A  |9 189984  |a BIBING  |b BIBING  |d 2019-11-14  |i 2576686  |o 621.313 GEN 1967  |p 2576686  |r 2025-01-20  |w 2019-11-14  |y BK  |k ING